[Event "Online Nations Cup Prelim"]
[Site "chess.com INT"]
[Date "2020.05.06"]
[Round "3.1"]
[Board "1"]
[White "Ding, Liren"]
[Black "Nepomniachtchi, Ian"]
[Result "1-0"]
[WhiteTitle "GM"]
[BlackTitle "GM"]
[WhiteElo "2791"]
[BlackElo "2784"]
[WhiteTeam "China"]
[BlackTeam "Russia"]
[WhiteFideId "8603677"]
[BlackFideId "4168119"]
[EventDate "2020.05.05"]

1. d4 Nf6 2. c4 g6 3. Nc3 d5 4. cxd5 Nxd5 5. e4 Nxc3 6. bxc3 Bg7 7. Be3 c5 8.
Rc1 Qa5 9. Qd2 O-O 10. Nf3 Bg4 11. d5 b5 12. Bxc5 Rc8 13. Bd4 Bxf3 14. Bxg7 Bxe4
15. Bh6 Qb6 16. f3 Bf5 17. g4 Bd7 18. h4 Be8 19. h5 f6 20. hxg6 Bxg6 21. Be3 Qd6
22. Bxb5 Nd7 23. Kf2 Rab8 24. Be2 Qa3 25. Bd4 Rb2 26. Qe3 Ne5 27. Bxe5 fxe5 28.
Qxe5 Qd6 29. Qxd6 exd6 30. Rhe1 Re8 31. Rcd1 Rc8 32. Kg3 Rxc3 33. a4 a5 34. Bf1
Rb4 35. Re6 Rxa4 36. Rxd6 Raa3 37. Rf6 Kg7 38. d6 Rc8 39. d7 Rd8 40. Re6 Rb3 41.
Re5 Rb7 42. Bb5 Bc2 43. Rd2 Bg6 44. Re8 Rbb8 45. Rde2 1-0

[Event "Online Nations Cup Prelim"]
[Site "chess.com INT"]
[Date "2020.05.06"]
[Round "3.1"]
[Board "3"]
[White "Yu, Yangyi"]
[Black "Karjakin, Sergey"]
[Result "1/2-1/2"]
[WhiteTitle "GM"]
[BlackTitle "GM"]
[WhiteElo "2709"]
[BlackElo "2752"]
[WhiteTeam "China"]
[BlackTeam "Russia"]
[WhiteFideId "8603820"]
[BlackFideId "14109603"]
[EventDate "2020.05.05"]

1. e4 e5 2. Nf3 Nc6 3. Nc3 Nf6 4. d4 exd4 5. Nxd4 Bb4 6. Nxc6 bxc6 7. Bd3 O-O 8.
O-O d5 9. exd5 cxd5 10. Qf3 c6 11. Bg5 Rb8 12. Ne2 Bd6 13. b3 Be5 14. Rae1 h6
15. Bf4 Bg4 16. Qe3 Bxf4 17. Nxf4 Qa5 18. h3 Rbe8 19. Qc1 Bd7 20. a3 c5 21. c3
Qb6 22. b4 a5 23. Qd2 axb4 24. axb4 Rb8 25. Re5 cxb4 26. cxb4 Qd6 27. Rfe1 Kh8
28. Bf5 Bxf5 29. Rxf5 Qxb4 30. Qxb4 Rxb4 31. Nxd5 Nxd5 32. Rxd5 1/2-1/2

[Event "Online Nations Cup Prelim"]
[Site "chess.com INT"]
[Date "2020.05.06"]
[Round "3.1"]
[Board "4"]
[White "Goryachkina, Aleksandra"]
[Black "Ju, Wenjun"]
[Result "1/2-1/2"]
[WhiteTitle "GM"]
[BlackTitle "GM"]
[WhiteElo "2582"]
[BlackElo "2560"]
[WhiteTeam "Russia"]
[BlackTeam "China"]
[WhiteFideId "4147103"]
[BlackFideId "8603006"]
[EventDate "2020.05.05"]

1. Nf3 d5 2. d4 Nf6 3. c4 e6 4. Nc3 Be7 5. Bf4 O-O 6. e3 Nbd7 7. Be2 dxc4 8.
Bxc4 a6 9. a4 c5 10. O-O cxd4 11. Qxd4 Nb6 12. Bb3 Qxd4 13. Nxd4 Nbd5 14. Nxd5
Nxd5 15. Bxd5 exd5 16. Rfc1 Bf6 17. Rc7 Re8 18. a5 Re7 19. Rc5 Be6 20. Rac1 Bxd4
21. exd4 Rd8 22. Rc7 Kf8 23. Bg5 f6 24. Bd2 Kf7 25. Bb4 Rxc7 26. Rxc7+ Rd7 27.
Rc8 g5 28. f3 h5 29. Kf2 Bf5 30. Rf8+ Kg6 31. Rg8+ Kf7 32. Rf8+ Kg6 33. Rg8+ Kf7
34. Rf8+ 1/2-1/2

[Event "Online Nations Cup Prelim"]
[Site "chess.com INT"]
[Date "2020.05.06"]
[Round "3.2"]
[Board "4"]
[White "Muzychuk, Anna"]
[Black "Koneru, Humpy"]
[Result "1/2-1/2"]
[WhiteTitle "GM"]
[BlackTitle "GM"]
[WhiteElo "2535"]
[BlackElo "2586"]
[WhiteTeam "Europe"]
[BlackTeam "India"]
[WhiteFideId "14111330"]
[BlackFideId "5008123"]
[EventDate "2020.05.05"]

1. e4 e5 2. Nf3 Nc6 3. Bb5 a6 4. Ba4 Nf6 5. O-O Nxe4 6. d4 b5 7. Bb3 d5 8. dxe5
Be6 9. Nbd2 Be7 10. c3 O-O 11. Bc2 f5 12. exf6 Nxf6 13. Re1 Qd7 14. a4 Bf5 15.
Bxf5 Qxf5 16. axb5 axb5 17. Rxa8 Rxa8 18. Nb3 Bd6 19. Nbd4 Nxd4 20. Nxd4 Qd7 21.
Bg5 Ne4 22. Bh4 Bc5 23. f3 Nd6 24. Re7 Qc6 25. Bf2 Bxd4 26. Bxd4 Nf5 27. Re5 Qd7
28. Bc5 c6 29. g4 Nh4 30. Re7 Qd8 31. Qe2 Ng6 32. Qe6+ Kh8 33. Rf7 Qe8 34. Qxe8+
Rxe8 35. Kf2 Ne5 36. Re7 Rxe7 37. Bxe7 Nd3+ 38. Ke3 Nxb2 39. Kd4 Kg8 40. Kc5
Na4+ 41. Kxc6 Nxc3 42. Bb4 d4 43. Kc5 Ne2 44. Kxb5 Ng1 45. f4 Nf3 46. Kc4 Nxh2
47. g5 Kf7 48. Kxd4 h6 49. gxh6 1/2-1/2

[Event "Online Nations Cup Prelim"]
[Site "chess.com INT"]
[Date "2020.05.06"]
[Round "4.1"]
[Board "3"]
[White "Karjakin, Sergey"]
[Black "Cori, Jorge"]
[Result "1-0"]
[WhiteTitle "GM"]
[BlackTitle "GM"]
[WhiteElo "2752"]
[BlackElo "2652"]
[WhiteTeam "Russia"]
[BlackTeam "Rest of the World"]
[WhiteFideId "14109603"]
[BlackFideId "3802272"]
[EventDate "2020.05.05"]

1. e4 c5 2. Nf3 e6 3. d4 cxd4 4. Nxd4 Nc6 5. Nc3 Qc7 6. Be2 a6 7. Nxc6 bxc6 8.
Qd3 Nf6 9. Qg3 Qxg3 10. hxg3 d5 11. g4 Bb4 12. Bd2 d4 13. e5 Nd7 14. Ne4 Bxd2+
15. Nxd2 c5 16. Nc4 Ke7 17. Bf3 Rb8 18. O-O-O Nb6 19. Na5 Bd7 20. g5 Na4 21. Bb7
Kd8 22. Rd3 Kc7 23. Rf3 Be8 24. Rb3 c4 25. Rb4 Nc5 26. Rxc4 Kb6 27. Bc6 Bxc6 28.
Nxc6 Kxc6 29. b4 Rb5 30. Rh4 Rhb8 31. Rhxd4 a5 32. a3 axb4 33. axb4 Kc7 34.
Rxc5+ Rxc5 35. bxc5 Kc6 36. Rd6+ Kxc5 37. Rd7 h6 38. gxh6 1-0

[Event "Online Nations Cup Prelim"]
[Site "chess.com INT"]
[Date "2020.05.06"]
[Round "4.1"]
[Board "4"]
[White "Muzychuk, Mariya"]
[Black "Girya, Olga"]
[Result "1/2-1/2"]
[WhiteTitle "GM"]
[BlackTitle "WGM"]
[WhiteElo "2544"]
[BlackElo "2469"]
[WhiteTeam "Rest of the World"]
[BlackTeam "Russia"]
[WhiteFideId "14114550"]
[BlackFideId "4195752"]
[EventDate "2020.05.05"]

1. e4 c6 2. d4 d5 3. Nc3 dxe4 4. Nxe4 Nf6 5. Nxf6+ exf6 6. c3 Bd6 7. Bd3 O-O 8.
Qc2 Re8+ 9. Ne2 h5 10. Be3 Nd7 11. O-O-O Nf8 12. Ng3 g6 13. Ne4 Be7 14. h3 f5
15. Nd2 Be6 16. Kb1 b5 17. Be2 Qc7 18. Nb3 Bd5 19. Rhg1 Bd6 20. g3 Be4 21. Bd3
Rad8 22. Bg5 Be7 23. Bf4 Bd6 24. Bxd6 Qxd6 25. Bxe4 Rxe4 26. Nc5 Re7 27. g4 fxg4
28. hxg4 h4 29. g5 Qf4 30. Nd3 Qf5 31. Ne5 Qxc2+ 32. Kxc2 Rd6 33. Rg4 c5 34.
Rxh4 cxd4 35. cxd4 Rc7+ 36. Kb1 Ne6 37. Rdh1 Nxg5 38. Rh8+ Kg7 39. f4 Ne4 40.
Ng4 Nd2+ 41. Ka1 Rc1+ 42. Rxc1 Kxh8 43. Rc7 Kg7 44. Ne5 Rxd4 45. Rxf7+ Kg8 46.
b3 a5 47. Rf6 Ne4 48. Rxg6+ Kf8 49. Rg2 Nc3 50. Kb2 b4 51. Nc6 Rxf4 52. Nxa5
Nd1+ 53. Kc1 Nc3 54. Nc6 Rf1+ 55. Kc2 Nxa2 56. Kb2 Nc3 57. Nxb4 Nb5 58. Re2 Rf3
59. Rd2 Ke8 60. Nc6 Rf6 61. Nd4 Nc7 62. Kc3 Rd6 63. b4 Kd7 64. Kc4 Nd5 65. b5
Ne3+ 66. Kc3 Nd5+ 67. Kb3 Nb6 68. Rd3 Kc7 69. Kc3 Nd5+ 70. Kc4 Nb6+ 71. Kb4 Kb7
72. Kc3 Nd5+ 73. Kd2 Nb4 74. Rb3 Rxd4+ 75. Kc3 Rd3+ 76. Kxb4 Rxb3+ 77. Kxb3 Kb6
78. Kb4 Kb7 79. Kc5 Kc7 80. b6+ Kb7 81. Kb5 Kb8 82. Kc6 Kc8 83. b7+ Kb8 84. Kb6 1/2-1/2

[Event "Online Nations Cup Prelim"]
[Site "chess.com INT"]
[Date "2020.05.06"]
[Round "4.3"]
[Board "3"]
[White "Yu, Yangyi"]
[Black "Harikrishna, Pentala"]
[Result "1/2-1/2"]
[WhiteTitle "GM"]
[BlackTitle "GM"]
[WhiteElo "2709"]
[BlackElo "2719"]
[WhiteTeam "China"]
[BlackTeam "India"]
[WhiteFideId "8603820"]
[BlackFideId "5007003"]
[EventDate "2020.05.05"]

1. d4 Nf6 2. c4 e6 3. Nc3 d5 4. cxd5 exd5 5. Bg5 c6 6. Qc2 Na6 7. e3 Nc7 8. Bd3
Be7 9. Nf3 Ne6 10. Bh4 g6 11. O-O O-O 12. Rab1 a5 13. a3 Ng7 14. b4 axb4 15.
axb4 Bf5 16. b5 Bxd3 17. Qxd3 Nf5 18. Bxf6 Bxf6 19. bxc6 bxc6 20. Rfc1 Qd6 21.
Qc2 Rfb8 22. Rxb8+ Rxb8 23. Na4 Rb4 24. Nc5 Rc4 25. Qb1 Rxc1+ 26. Qxc1 h5 27. h3
Ng7 28. Nd3 Ne6 29. Nd2 Kg7 30. Nb3 Qb8 31. Nbc5 Nxc5 32. Nxc5 h4 33. Nd7 1/2-1/2

[Event "Online Nations Cup Prelim"]
[Site "chess.com INT"]
[Date "2020.05.06"]
[Round "4.3"]
[Board "4"]
[White "Koneru, Humpy"]
[Black "Hou, Yifan"]
[Result "1/2-1/2"]
[WhiteTitle "GM"]
[BlackTitle "GM"]
[WhiteElo "2586"]
[BlackElo "2658"]
[WhiteTeam "India"]
[BlackTeam "China"]
[WhiteFideId "5008123"]
[BlackFideId "8602980"]
[EventDate "2020.05.05"]

1. d4 Nf6 2. c4 e6 3. Nf3 d5 4. Nc3 Nbd7 5. cxd5 exd5 6. Bg5 c6 7. e3 Be7 8. Bd3
Ne4 9. Bxe7 Qxe7 10. Qc2 Ndf6 11. O-O O-O 12. Ne5 Re8 13. Rfe1 Bf5 14. Rac1 Nxc3
15. Qxc3 Bxd3 16. Qxd3 Ne4 17. Nf3 a5 18. Nd2 Nd6 19. a4 g6 20. h3 Kg7 21. Rc5
Qd8 22. Rcc1 Qb6 23. Qc3 Ne4 24. Nxe4 Rxe4 25. Rb1 Qb4 26. Qxb4 axb4 27. b3 f5
28. f3 Re6 29. Kf2 Kf6 30. h4 Ke7 31. Rbd1 Kd6 32. Rd3 b6 33. g3 Rae8 34. Red1
Rf8 35. R3d2 Rfe8 36. Rd3 Rf8 37. R3d2 Rfe8 38. Rd3 1/2-1/2

[Event "Online Nations Cup Prelim"]
[Site "chess.com INT"]
[Date "2020.05.09"]
[Round "9.1"]
[Board "4"]
[White "Girya, Olga"]
[Black "Muzychuk, Mariya"]
[Result "1-0"]
[WhiteTitle "WGM"]
[BlackTitle "GM"]
[WhiteElo "2469"]
[BlackElo "2544"]
[WhiteTeam "Russia"]
[BlackTeam "Rest of the World"]
[WhiteFideId "4195752"]
[BlackFideId "14114550"]
[EventDate "2020.05.05"]

1. d4 d5 2. c4 c6 3. Nf3 Nf6 4. e3 e6 5. Nbd2 Nbd7 6. b3 Bd6 7. Bb2 O-O 8. Bd3
Qe7 9. Ne5 Bb4 10. O-O Nxe5 11. dxe5 Nd7 12. Nf3 Nc5 13. Bb1 Ne4 14. a3 Ba5 15.
b4 Bc7 16. Bxe4 dxe4 17. Nd2 Rd8 18. Qe2 f5 19. exf6 Qd6 20. Qh5 Qxh2+ 21. Qxh2
Bxh2+ 22. Kxh2 Rxd2 23. Be5 gxf6 24. Bxf6 e5 25. Rfd1 Rd3 26. Bxe5 Be6 27. c5 a5
28. Bd6 Kf7 29. bxa5 Rxa5 30. Rdb1 Rb3 31. a4 Ra7 32. Rxb3 Bxb3 33. a5 Ke6 34.
Bb8 Ra8 35. Rb1 Bc4 36. Rxb7 Rxa5 37. Bd6 Ra2 38. Kg3 h5 39. Rh7 Be2 40. Re7+
Kf5 41. Re5+ Kf6 42. Rxe4 Ra8 43. Rf4+ Ke6 44. Re4+ Kf6 45. f3 Ra2 46. Rh4 Kg6
47. Kf4 Bd1 48. g4 hxg4 49. Rxg4+ Kf7 50. Kg3 Ra3 51. Re4 Kf6 52. Re8 Bc2 53.
Kf4 Ra4+ 54. e4 Bd1 55. Rf8+ Ke6 56. Kg5 Ra3 57. Re8+ Kd7 58. Re7+ Kd8 59. f4
Rg3+ 60. Kf6 Bc2 61. f5 Rg4 62. e5 Rf4 63. Rg7 Rxf5+ 64. Ke6 Kc8 65. Rc7+ Kd8
66. Rb7 1-0

[Event "Online Nations Cup Prelim"]
[Site "chess.com INT"]
[Date "2020.05.09"]
[Round "9.3"]
[Board "3"]
[White "Adhiban, Baskaran"]
[Black "Yu, Yangyi"]
[Result "0-1"]
[WhiteTitle "GM"]
[BlackTitle "GM"]
[WhiteElo "2659"]
[BlackElo "2709"]
[WhiteTeam "India"]
[BlackTeam "China"]
[WhiteFideId "5018471"]
[BlackFideId "8603820"]
[EventDate "2020.05.05"]

1. c4 c5 2. Nf3 Nf6 3. d4 cxd4 4. Nxd4 e6 5. g3 Bb4+ 6. Nc3 O-O 7. Bg2 d5 8.
cxd5 Nxd5 9. Bd2 Nxc3 10. bxc3 Be7 11. O-O e5 12. Nc2 Nc6 13. Ne3 Be6 14. c4 Rc8
15. Rb1 b6 16. Nd5 Bc5 17. e3 Qd7 18. Bc3 Rfd8 19. Qe2 Bg4 20. Bf3 h5 21. Rbd1
Bxf3 22. Qxf3 Qg4 23. Kg2 f6 24. h3 Qxc4 25. e4 Ne7 26. Ba1 Nxd5 27. exd5 Qxa2
28. Qf5 Rc7 29. g4 h4 30. Kh1 Rf7 31. Rd3 Rxd5 32. Qe6 Qe2 33. Qxd5 Qxf1+ 0-1

[Event "Online Nations Cup Prelim"]
[Site "chess.com INT"]
[Date "2020.05.09"]
[Round "9.3"]
[Board "4"]
[White "Hou, Yifan"]
[Black "Harika, Dronavalli"]
[Result "1/2-1/2"]
[WhiteTitle "GM"]
[BlackTitle "GM"]
[WhiteElo "2658"]
[BlackElo "2515"]
[WhiteTeam "China"]
[BlackTeam "India"]
[WhiteFideId "8602980"]
[BlackFideId "5015197"]
[EventDate "2020.05.05"]

1. e4 c5 2. Nc3 Nc6 3. Nge2 Nd4 4. d3 e6 5. Be3 e5 6. Nd5 Ne7 7. Nec3 d6 8. g3
Nxd5 9. Nxd5 Be6 10. c3 Nc6 11. Bg2 Be7 12. O-O O-O 13. f4 exf4 14. Nxf4 Bg5 15.
Kh1 Bxf4 16. Rxf4 Ne5 17. Qh5 Ng6 18. Rf2 Qd7 19. h3 f5 20. exf5 Rxf5 21. Rxf5
Bxf5 22. Rf1 Rf8 23. Kh2 b6 24. Bd5+ Kh8 25. d4 Be6 26. Rxf8+ Nxf8 27. Qf3 Bxd5
28. Qxd5 Qe6 29. Qxe6 Nxe6 30. d5 Nc7 31. c4 b5 32. b3 bxc4 33. bxc4 Kg8 34. Bf4
Ne8 35. Kg2 Kf7 36. Kf3 Ke7 37. g4 Nc7 38. Ke4 Na8 39. Kd3 Nb6 40. Bg5+ Ke8 41.
Kc3 a6 42. Kb3 Kd7 43. a4 Ke8 44. a5 Nd7 45. Kc3 Ne5 46. Bf4 Nf7 47. Kd3 g6 48.
Ke4 Ke7 49. h4 Kd7 50. h5 Ke7 51. hxg6 hxg6 52. Bg3 Kd7 53. Ke3 Ke8 54. Bf4 Kd7
55. Kd3 Ke8 56. Ke4 Kd7 57. Kd3 Ke8 58. Ke4 Kd7 59. Kd3 1/2-1/2

[Event "Online Nations Cup Prelim"]
[Site "chess.com INT"]
[Date "2020.05.09"]
[Round "10.1"]
[Board "2"]
[White "Harikrishna, Pentala"]
[Black "Karjakin, Sergey"]
[Result "1/2-1/2"]
[WhiteTitle "GM"]
[BlackTitle "GM"]
[WhiteElo "2719"]
[BlackElo "2752"]
[WhiteTeam "India"]
[BlackTeam "Russia"]
[WhiteFideId "5007003"]
[BlackFideId "14109603"]
[EventDate "2020.05.05"]

1. e4 e5 2. Nf3 Nc6 3. Bb5 Nf6 4. O-O Nxe4 5. Re1 Nd6 6. Nxe5 Be7 7. Bf1 Nxe5 8.
Rxe5 O-O 9. d4 Bf6 10. Re1 Re8 11. Bf4 Rxe1 12. Qxe1 Ne8 13. c3 d5 14. Bd3 g6
15. Nd2 Ng7 16. Nf3 c6 17. Qe2 Bf5 18. Bxf5 Nxf5 19. Re1 Qd7 20. h3 Ng7 21. Be5
Re8 22. Qd3 Bxe5 23. Rxe5 f6 24. Rxe8+ Nxe8 25. Qe2 Nd6 26. Ne1 Kf7 27. Nd3 Qe7
28. Kf1 Qxe2+ 29. Kxe2 h5 30. g4 hxg4 31. hxg4 g5 32. f3 Ke7 33. Kd2 Kf7 34. Ke2
Ke7 35. Kd2 Kf7 36. Ke2 1/2-1/2

[Event "Online Nations Cup Prelim"]
[Site "chess.com INT"]
[Date "2020.05.09"]
[Round "10.1"]
[Board "3"]
[White "Andreikin, Dmitry"]
[Black "Adhiban, Baskaran"]
[Result "1-0"]
[WhiteTitle "GM"]
[BlackTitle "GM"]
[WhiteElo "2726"]
[BlackElo "2659"]
[WhiteTeam "Russia"]
[BlackTeam "India"]
[WhiteFideId "4158814"]
[BlackFideId "5018471"]
[EventDate "2020.05.05"]

1. Nf3 d5 2. g3 g6 3. Bg2 Bg7 4. d4 Nf6 5. O-O O-O 6. c3 a5 7. a4 c5 8. Na3 b6
9. Nb5 Na6 10. Bf4 Bb7 11. Qb3 Nh5 12. Be3 Qd7 13. Rfd1 Rfc8 14. Ne1 e6 15. Nc2
c4 16. Qa2 Bc6 17. Nca3 Nc7 18. Nxc7 Rxc7 19. Nb1 b5 20. axb5 Bxb5 21. Nd2 a4
22. Bf3 Rb7 23. Bxh5 gxh5 24. Bf4 Bc6 25. Nb1 f6 26. Na3 e5 27. Bc1 Qe6 28. Nc2
Bf8 29. Nb4 Bxb4 30. cxb4 Rxb4 31. Qa3 Rb3 32. Qc5 Rb5 33. Qa3 Rb3 34. Qc5 Rc8
35. Qa7 Rb7 36. Qa6 Kf7 37. Rxa4 Bxa4 38. Qxb7+ Kg6 39. Re1 exd4 40. Qa7 Bc6 41.
Qxd4 Qe5 42. Be3 Rb8 43. Qc5 Qe6 44. Bd4 h4 45. f3 h3 46. Kf2 Rb5 47. Qf8 Qf7
48. Qd6 Bb7 49. Ra1 Rb3 50. g4 h6 51. Ra5 Kg7 52. Rc5 Kg6 53. Rc7 1-0